Normal view
MARC view
- Sondhi S.K .
Entry Personal Name
001 - CONTROL NUMBER
- control field: 1416
003 - CONTROL NUMBER IDENTIFIER
- control field: OSt
005 - DATE AND TIME OF LATEST TRANSACTION
- control field: 20160903100428.0
008 - FIXED-LENGTH DATA ELEMENTS
- fixed length control field: 160903|| aca||aabn | a|a d
040 ## - CATALOGING SOURCE
- Original cataloging agency: OSt
- Transcribing agency: OSt
100 ## - HEADING--PERSONAL NAME
- Personal name: Sondhi S.K .
670 ## - SOURCE DATA FOUND
- Source citation: Work cat.: (OSt)13422: Michael A.M. 114, Water Wells and Pumps / , 2008.
